| 000 | 01205nas1a2200277 4500 | ||
|---|---|---|---|
| 001 | RU\NLR\BIBL_A\010704078 | ||
| 005 | 20250807185525.0 | ||
| 035 | _a(NLR Aleph) 010704078 | ||
| 090 |
_a1345 _c1345 |
||
| 100 | _a20150319d1943 u y0rusy50 ca | ||
| 101 | 0 | _arus | |
| 102 | _aRU | ||
| 105 | _ay z 000yy | ||
| 110 | _acyy | ||
| 200 | 1 |
_aЗа противопожарную оборону _eоднодневная газета Фрунзенско-Куйбышевского управления Пожарной охраны _fОтв. ред. Дорофеев |
|
| 210 |
_aЛенинград _d1943 _dнояб. |
||
| 852 |
_aNLR _jОдн1943/21 |
||
| 942 | _cNEWSPAPER | ||
| 945 | _aРоссийская национальная библиотека | ||
| 980 | _aNB | ||
| 980 | _aBV | ||
| 981 | 3 | 7 |
_a(37) Ленинград в Великой Отечественной войне _b(37) Газеты блокадного Ленинграда |
| 981 | 2 | 7 |
_a(27) Периодические издания _b(27) Пульс города на Неве |
| 981 | 2 | 7 |
_a(27) Периодические издания _b(27) Газеты |